000
00277nam a22001217a 4500
008
180314b xxu||||| |||| 00| 0 eng d
041
_a
eng
080
_2
5 ed
_a
658
100
_a
54
101
_a
man
245
_a
production operations management
_c
ruch.f
942
_2
udc
_c
BK
999
_c
44997
_d
44997